ბათუმის შოთა რუსთაველის სახელმწიფო უნივერსიტეტის ბიბლიოთეკა

ახალი ისტორია. ნაწ. 1 : (ბიბ.ჩანაწერი № 56142)

000 -ლიდერი
ფიქსირებული სიგრძის საკონტროლო ველი 01053nam a2200217Ia 4500
001 - საკონტროლო ნომერი
საკონტროლო ველი 23243
003 - საკონტროლო ნომრის იდენტიფიკატორი
საკონტროლო ველი GE_BSU
005 - ბოლო ოპერაციის თარიღი და დრო
საკონტროლო ველი 20251112145547.0
008 - ფიქსირებული სიგრძის მონაცემთა ელემენტები - ზოგადი ინფორმაცია
ფიქსირებული სიგრძის საკონტროლო ველი 181216s1970||||ge |||||||||||||| ||geo||
040 ## - კატალოგიზაციის წყარო
Transcribing agency GE_BSU
041 ## - ენის კოდი
Language code of text/sound track or separate title geo
080 ## - უნივერსალური ათობითი კლასიფიკაციის ინდექსი
Universal Decimal Classification number 94(100)"15/18 კ-57
100 ## - მთავარი ჩანაწერი - პიროვნების სახელი
Personal name კიღურაძე, გივი
9 (RLIN) 26203
245 ## - ცნობა სათაურის შესახებ
Title ახალი ისტორია. ნაწ. 1 :
Remainder of title [ზოგადი საკითხები. ახალი ისტორიის კვლევის სოციალისტური და ბურჟუაზიული მეთოდოლოგია] /
Statement of responsibility, etc გივი კიღურაძე ; რედ. გ. ჟორდანია.
264 ## - წარმოების, გამოცემის, დისტრიბუციის და სხვა ცნობები
გამოცემის, წარმოების, დისტრიბუციის... ადგილი თბილისი :
გამოცემის, წარმოების, დისტრიბუციის... სახელწოდება თბილ. უნ-ტის გამ-ბა,
გამოცემის, წარმოების, დისტრიბუციის... თარიღი 1970.
300 ## - ფიზიკური აღწერა
Extent 478 გვ. ;
Other physical details 6ფ. პორტრ.
653 ## - INDEX TERM--UNCONTROLLED
Uncontrolled term ახალი ისტორია. ნაწ. 1
700 ## - ADDED ENTRY--PERSONAL NAME
Personal name ჟორდანია, გ.
Relator term რედაქტორი
9 (RLIN) 4668
942 ## - ADDED ENTRY ELEMENTS (KOHA)
Koha item type წიგნი
Source of classification or shelving scheme
ეგზემპლარები
ჩამოწერის სტატუსი დაკარგული ეგზემპლარის სტატუსი კლასიფიკაციის წყარო ან თაროზე გაწყობის სქემა დაზიანების სტატუსი არ გაიცემა მუდმივი მდებარეობა (დაცვის ადგილი) ამჟამინდელი ადგილსამყოფელი თაროზე განთავსების ადგილი შეძენის თარიღი ღირებულება, შესყიდვის ნორმალური ფასი სრული შენახვის შიფრი შტრიხკოდი ბოლო ოპერაციის თარიღი ეგზემპლარის მიმდევრობითი ნომერი (კეტერი?) ფასის ძალაში შესვლის თარიღი ეგზემპლარის სახეობა საჯარო შენიშვნა
          ბათუმის შოთა რუსთაველის სახელმწიფო უნივერსიტეტის მთავარი ბიბლიოთეკა ბათუმის შოთა რუსთაველის სახელმწიფო უნივერსიტეტის მთავარი ბიბლიოთეკა წიგნსაცავი 2018-12-17 3.06 94(100) კ-57 28233 2018-12-17 28233 2018-12-17 წიგნი 3.06 ₾.